000 00523nam a2200193Ia 4500
005 20250923144423.0
008 008 250917s9999 xx 000 0 eng d
037 _aTextual
040 _aDSWL
_beng
_cDSWL
041 _aeng
_2eng
084 _aW6:914, J0
_qDSWL
100 _aBush, Vannervar
_9824739
245 0 _aModern arms and free men
_cby Vannervar Bush
260 _aLondon
_c1950
365 _aINR
_b10.6
925 _g10.6
942 _cTEXL
_hW6:914, J0
999 _c1438637
_d1438637